| 000 | 00370 a2200157 4500 | ||
|---|---|---|---|
| 001 | 74627 | ||
| 020 | _a857307855-3 | ||
| 040 | _cAnchieta - Colégio São Paulo | ||
| 100 | _aThurler, Mômica Gather | ||
| 240 | 1 | 0 |
_aInovar no interior da escola _lpor |
| 245 | 1 | 0 | _aInovar no interior da escola |
| 300 | _a215 | ||
| 362 | 0 | _a2001 | |
| 650 | 4 | _aEducação | |
| 942 | _cBK | ||
| 999 |
_c74627 _d74627 |
||